Statistics for Most Guessed Megacities

Click here to take the quiz!

General Stats

  • This quiz has been taken 943 times
    (219 since last reset)
  • The average score is 11 of 13

Answer Stats

HintAnswer% Correct
99%London
98%
99%New York City
98%
97%Tokyo
96%
98%Paris
94%
93%Beijing
92%
96%Los Angeles
87%
98%Moscow
86%
91%Delhi
76%
98%Mexico City
76%
93%Rio de Janeiro
74%
93%Cairo
71%
92%Istanbul
68%
91%Buenos Aires
46%

Score Distribution

Percentile by Number Answered

Percent of People with Each Score

Your Score History

You have not taken this quiz since the last reset